000 00352nam a2200133Ia 4500
008 240624s9999 xx 000 0 und d
041 _aeng
082 _a658.4063 RAB
100 _aRABE CYNTHIA BARTON
245 _aINNOVATION KILLER HOW WHAT WE KNOW LIMIT
260 _c2006
_aNew York
_bAMACOM
300 _axx, : 219 : p. : cm. ; 23
365 _c
_b28
999 _c22050
_d22050